LEADER 01412oam 2200385z- 450 001 996278333503316 005 20081021082913.0 010 $a1-5090-8696-X 035 $a(CKB)1000000000331380 035 $a(EXLCZ)991000000000331380 100 $a20220608c2007uuuu -u- - 101 0 $aeng 200 10$a2007 4th IEEE International Symposium on Biomedical Imaging--Macro to Nano $eApril 12-15, 2007 210 $cIEEE 311 $a1-4244-0671-4 311 $a1-4244-0672-2 517 $a2007 4th IEEE International Symposium on Biomedical Imaging 517 $a2007 4th IEEE International Symposium on Biomedical Imaging: From Nano to Macro 517 $aComputer and Information Technology 531 $aBIOMEDICAL IMAGING 606 $aImaging systems in medicine$vCongresses 606 $aDiagnostic imaging$vCongresses 606 $aImage processing$vCongresses 615 0$aImaging systems in medicine 615 0$aDiagnostic imaging 615 0$aImage processing 676 $a616.07/54 712 02$aInstitute of Electrical and Electronics Engineers. 712 02$aIEEE Engineering in Medicine and Biology Society. 712 02$aIEEE Signal Processing Society. 712 02$aIEEE Xplore (Online service) 906 $aPROCEEDING 912 $a996278333503316 996 $a2007 4th IEEE International Symposium on Biomedical Imaging--Macro to Nano$92872305 997 $aUNISA LEADER 03155nam 2200793 450 001 9910793023103321 005 20240102235752.0 010 $a1-5261-4799-8 010 $a1-5261-4200-7 010 $a1-5261-2687-7 024 7 $a10.7765/9781526126870 035 $a(MiAaPQ)EBC5497855 035 $a(OCoLC)1240713242 035 $a(MdBmJHUP)musev2_78496 035 $a(UkMaJRU)992979820021801631 035 $a(DE-B1597)660525 035 $a(DE-B1597)9781526126870 035 $a(CKB)4100000006371400 035 $a(EXLCZ)994100000006371400 100 $a20191210h20182018 uy| 0 101 0 $aeng 135 $aur||#---||||| 181 $ctxt$2rdacontent 182 $cc$2rdamedia 183 $acr$2rdacarrier 200 10$aAffective medievalism $elove, abjection and discontent /$fThomas A. Prendergast and Stephanie Trigg 210 1$aManchester, UK :$cManchester University Press,$d2018. 210 4$dİ2018 215 $a1 online resource (viii, 154 pages) $cdigital file(s) 225 1 $aManchester Medieval Literature and Culture 300 $aPreviously issued in print: 2018. 311 $a1-5261-2688-5 311 $a1-5261-2686-9 320 $aIncludes bibliographical references (pages 134-147) and index. 327 $aIntroduction: Medieval and medievalist practice -- 1. The space of time and the medievalist imaginary -- 2. Wonderful things -- 3. Fear, error and death: The abjection of the Middle Ages -- 4. Loving the past -- 5. Discontent in the age of mechanical reproduction -- Bibliography -- Index. 330 8 $aThis work argues that the temporal privilege of the medieval masks the extent to which the medieval and medievalistic are mutually constitutive and ultimately dependent not on absolutist epistemological claims but on how feelings and temperaments affect the way we approach the Middle Ages. 410 0$aManchester medieval literature and culture ;$v21. 606 $aMiddle Ages$xHistoriography 606 $aLiterature, Medieval$xHistory and criticism$xTheory, etc 606 $aMiddle Ages in literature 606 $aMedieval Literature$2mup 606 $aLiterary Studies: Classical, Early & Medieval$2bicssc 606 $aLITERARY CRITICISM / Medieval$2bisach 610 $aAffect. 610 $aDeath. 610 $aDisciplinary. 610 $aDiscontent. 610 $aFuture. 610 $aLove. 610 $aMedieval. 610 $aMedievalism. 610 $aModernity. 610 $aNostalgia. 610 $adisciplinarity. 610 $amedieval studies. 615 0$aMiddle Ages$xHistoriography. 615 0$aLiterature, Medieval$xHistory and criticism$xTheory, etc. 615 0$aMiddle Ages in literature. 615 7$aMedieval Literature 615 7$aLiterary Studies: Classical, Early & Medieval 615 7$aLITERARY CRITICISM / Medieval 676 $a940.1072 700 $aPrendergast$b Thomas A$g(Thomas Augustine),$0850118 702 $aTrigg$b Stephanie$f1958- 801 2$bUkMaJRU 906 $aBOOK 912 $a9910793023103321 996 $aAffective medievalism$93776752 997 $aUNINA